| 000 | 00496nam a22001697a 4500 | ||
|---|---|---|---|
| 003 | LK-CoMWRAF | ||
| 005 | 20240113161925.0 | ||
| 008 | 231225b1 |||||||| |||| 00| 0 eng d | ||
| 040 |
_aLK-CoMWRAF _dLK-CoMWRAF _eLK-CoMWRAF |
||
| 041 | _aeng | ||
| 082 |
_a362.8292 _bBAT |
||
| 245 |
_a Battered women : _ba self-help guide |
||
| 260 |
_aPetaling Jaya: _bWomen's Aid Organisation, _c1987 |
||
| 300 | _a23 p. : illustrations ; 18 cm | ||
| 650 | _aAbused women- Services for Malaysia | ||
| 942 | _cBK | ||
| 999 |
_c4555 _d4555 |
||